57 bài luận Anh Văn /
Sách gồm 57 bài luận văn với các chủ đề thường ra trong các kì thi
Bewaard in:
| Hoofdauteur: | |
|---|---|
| Formaat: | Boek |
| Taal: | Vietnamese |
| Gepubliceerd in: |
Tp. Hồ Chí Minh :
Nxb. Trẻ Tp. Hồ Chí Minh,
1998.
|
| Editie: | tái bản lần thứ 2 |
| Reeks: | Dong A language School
|
| Onderwerpen: | |
| Tags: |
Voeg label toe
Geen labels, Wees de eerste die dit record labelt!
|
| Thư viện lưu trữ: | Mạng thư viện Đại học Đà Nẵng |
|---|
| LEADER | 01144nam a22003251a 4500 | ||
|---|---|---|---|
| 001 | 000037205 | ||
| 003 | 13500 | ||
| 005 | 20210126143111.0 | ||
| 008 | 160412s1998 000 | ||
| 041 | 0 | |a vie | |
| 082 | |a 428 |b TR-D | ||
| 100 | 0 | |a Trần Văn Diệm |e biên soạn | |
| 240 | 0 | |a 57 English compositions for B and C levels | |
| 245 | 0 | |a 57 bài luận Anh Văn / |c Trần Văn Diệm. | |
| 250 | |a tái bản lần thứ 2 | ||
| 260 | |a Tp. Hồ Chí Minh : |b Nxb. Trẻ Tp. Hồ Chí Minh, |c 1998. | ||
| 300 | |a 228tr. ; |c 21cm. | ||
| 490 | |a Dong A language School | ||
| 520 | |a Sách gồm 57 bài luận văn với các chủ đề thường ra trong các kì thi | ||
| 653 | |a bài luận | ||
| 653 | |a Anh văn | ||
| OWN | |a LNN | ||
| 902 | |a TKA | ||
| AVA | |a UDN50 |b LNN |c English |e available |t Error 5001 Not defined in file expand_doc_bib_avail. |f 2 |g 0 |h N |i 8 |j AN | ||
| 999 | |a From the UDN01 | ||
| AVA | |a UDN50 |b LNN |c English |e available |t Error 5001 Not defined in file expand_doc_bib_avail. |f 2 |g 0 |h N |i 8 |j AN | ||
| TYP | |a Monograph | ||
| 980 | |a Mạng thư viện Đại học Đà Nẵng | ||